00949nam a2200241 a 450000100100000000500170001000800410002702000150006804000250008308200150010824501400012326000290026330000210029249000370031350000380035050000370038870000510042570000480047683000440052404900090056895201130057799900170069000002562220200930023926.0110216s1987 sp r 000 | spa d a8424912357 aDO-SdBNPbspacBNPHU axxxbT355m10aTextos de magia en papiros griegos /cintroducción, traducción y notas José Luis Calvo Martínez y Ma. Dolores Sánchez Romero. aMadrid :bGredos,c1987. a430 p. ;c20 cm.1 aBiblioteca Clásica Gredosv105 aIncluye notas al pie de páginas aÍndice de nombres : p. 413-4261 aCalvo Martínez, José Luis,eintrod.9523171 aSánchez Romero, Dolores ,eintrod.952318 0aBiblioteca Clásica Gredos,v10598642 aBNGR 001050718MOaGRbGRcCTd2011-02-18iLF1l0oxxx T355mp25622-10r2020-06-25w2020-06-25y1ZNo se presta c25114d25114